000 00529nam a2200169Ia 4500
003 GCL
008 140319s9999 xx 000 0 eng d
040 _aGCL /
_cGCL
082 0 4 _a333.823
_bB A
100 1 _aBOURDIEU, JEROME
245 1 0 _aANTICIPATIONS ET RESSOURCES FINIES: LE MARCHE PETROLIER AMERINCIN DANS L'ENTRE - DEUX GUERRES /
_cBOURDIEU, JEROME
260 _a[S.N] :
_bEDITIONS DE L'INDISPENSABLE ،
_c1996
300 _a218 P
650 0 4 _aPETROLEUM - ECONOMICS
650 0 4 _aPETROLEUM - AMERICA
942 _2ddc
_cBK
999 _c16071
_d16071